<?xml version="1.0" encoding="UTF-8"?>
<record
    xmlns:xsi="http://www.w3.org/2001/XMLSchema-instance"
    xsi:schemaLocation="http://www.loc.gov/MARC21/slim http://www.loc.gov/standards/marcxml/schema/MARC21slim.xsd"
    xmlns="http://www.loc.gov/MARC21/slim">

  <leader>00680nam a22001937a 4500</leader>
  <datafield tag="999" ind1=" " ind2=" ">
    <subfield code="c">183263</subfield>
    <subfield code="d">183263</subfield>
  </datafield>
  <controlfield tag="005">20211221160700.0</controlfield>
  <datafield tag="010" ind1=" " ind2=" ">
    <subfield code="a">UR-10507</subfield>
  </datafield>
  <datafield tag="020" ind1=" " ind2=" ">
    <subfield code="c">200.00</subfield>
    <subfield code="a">9789380395654</subfield>
  </datafield>
  <datafield tag="035" ind1=" " ind2=" ">
    <subfield code="a">U-9063</subfield>
  </datafield>
  <datafield tag="037" ind1=" " ind2=" ">
    <subfield code="b">DBAD/PUB</subfield>
    <subfield code="a">-</subfield>
  </datafield>
  <datafield tag="082" ind1=" " ind2=" ">
    <subfield code="a">844.8</subfield>
  </datafield>
  <datafield tag="100" ind1=" " ind2=" ">
    <subfield code="a">&#x627;&#x62F;&#x6BE;&#x648; &#x645;&#x6C1;&#x627; &#x62C;&#x646; &#x628;&#x633;&#x645;&#x644;</subfield>
  </datafield>
  <datafield tag="245" ind1=" " ind2=" ">
    <subfield code="a">&#x644;&#x641;&#x638;&#x648; &#x6BA; &#x6A9;&#x6D2; &#x62D;&#x635;&#x627; &#x631; &#x645;&#x64A;&#x6BA; </subfield>
    <subfield code="c">&#x627;&#x62F;&#x6BE;&#x648; &#x645;&#x6C1;&#x627; &#x62C;&#x646; &#x628;&#x633;&#x645;&#x644;</subfield>
  </datafield>
  <datafield tag="246" ind1=" " ind2=" ">
    <subfield code="b">Lafzon Ke Hisar Mein  (Urdu)</subfield>
    <subfield code="a">by Uddhav Mahajan Bismil</subfield>
  </datafield>
  <datafield tag="260" ind1=" " ind2=" ">
    <subfield code="a">Pune</subfield>
    <subfield code="b">Asbaque Publications,</subfield>
    <subfield code="c">2019 &#x621;</subfield>
  </datafield>
  <datafield tag="270" ind1=" " ind2=" ">
    <subfield code="a">230/B/102,Saira Manzil,Viman Darshan,Sanjay Park,Lohgaon Road,</subfield>
    <subfield code="b">Pune</subfield>
    <subfield code="e">411032</subfield>
    <subfield code="k">9822516338</subfield>
    <subfield code="l">-</subfield>
  </datafield>
  <datafield tag="300" ind1=" " ind2=" ">
    <subfield code="a">208 &#x635; </subfield>
    <subfield code="c">22 Cm(Hb)</subfield>
  </datafield>
  <datafield tag="942" ind1=" " ind2=" ">
    <subfield code="2">ddc</subfield>
    <subfield code="c">UR</subfield>
    <subfield code="h">844.8</subfield>
    <subfield code="m">&#x628; &#x633; &#x645; </subfield>
  </datafield>
</record>
